| 000 -LEADER |
| fixed length control field |
03017cam a22004098i 4500 |
| 001 - CONTROL NUMBER |
| control field |
21557376 |
| 003 - CONTROL NUMBER IDENTIFIER |
| control field |
NUST |
| 005 - DATE AND TIME OF LATEST TRANSACTION |
| control field |
20220825155952.0 |
| 006 - FIXED-LENGTH DATA ELEMENTS--ADDITIONAL MATERIAL CHARACTERISTICS |
| fixed length control field |
m |o d | |
| 007 - PHYSICAL DESCRIPTION FIXED FIELD--GENERAL INFORMATION |
| fixed length control field |
cr ||||||||||| |
| 008 - FIXED-LENGTH DATA ELEMENTS--GENERAL INFORMATION |
| fixed length control field |
200521s2020 nyu o 000 0 eng |
| 010 ## - LIBRARY OF CONGRESS CONTROL NUMBER |
| LC control number |
2020023584 |
| 020 ## - INTERNATIONAL STANDARD BOOK NUMBER |
| International Standard Book Number |
9780525509691 |
| Qualifying information |
(ebook) |
| 020 ## - INTERNATIONAL STANDARD BOOK NUMBER |
| Canceled/invalid ISBN |
9780525509684 |
| Qualifying information |
(hardcover) |
| 038 ## - RECORD CONTENT LICENSOR |
| Staff Name |
Azhar |
| 040 ## - CATALOGING SOURCE |
| Original cataloging agency |
DLC |
| Language of cataloging |
eng |
| Transcribing agency |
DLC |
| Description conventions |
rda |
| 042 ## - AUTHENTICATION CODE |
| Authentication code |
pcc |
| 050 00 - LIBRARY OF CONGRESS CALL NUMBER |
| Classification number |
HM881 |
| 082 00 - DEWEY DECIMAL CLASSIFICATION NUMBER |
| Classification number |
303.484 |
| Author Mark |
GAR |
| 100 1# - MAIN ENTRY--PERSONAL NAME |
| Personal name |
Garza, Alicia, |
| Dates associated with a name |
1981- |
| Relator term |
author. |
| 9 (RLIN) |
97261 |
| 245 14 - TITLE STATEMENT |
| Title |
The purpose of power : |
| Remainder of title |
how to build movements for the 21st century |
| Statement of responsibility, etc. |
Alicia Garza. |
| 260 ## - PUBLICATION, DISTRIBUTION, ETC. |
| Place of publication, distribution, etc. |
New York : |
| Name of publisher, distributor, etc. |
One World, |
| Date of publication, distribution, etc. |
2020 |
| 263 ## - PROJECTED PUBLICATION DATE |
| Projected publication date |
2010 |
| 264 #1 - PRODUCTION, PUBLICATION, DISTRIBUTION, MANUFACTURE, AND COPYRIGHT NOTICE |
| Date of production, publication, distribution, manufacture, or copyright notice |
2020. |
| 300 ## - PHYSICAL DESCRIPTION |
| Extent |
312p |
| 336 ## - CONTENT TYPE |
| Content type term |
text |
| Content type code |
txt |
| Source |
rdacontent |
| 337 ## - MEDIA TYPE |
| Media type term |
computer |
| Media type code |
c |
| Source |
rdamedia |
| 338 ## - CARRIER TYPE |
| Carrier type term |
online resource |
| Carrier type code |
cr |
| Source |
rdacarrier |
| 520 ## - SUMMARY, ETC. |
| Summary, etc. |
"Coupled with the speed and networking capacities of social media, #blacklivesmatter was the hashtag heard round the world. But Alicia Garza well knew that the distance between a hashtag and real change would take more than a single facebook to cover. It would take a movement. Garza was a lifelong activist who had spent the previous decades educating herself on the hard lessons of organizing. She started as a kid, working on sexual education for her peers, and then moved on to major campaigns around housing, policing, and immigrant and labor rights in California and then nationally. The lessons she extracted were different from the "rules for radicals" that animated earlier generations of lefitists; they were also different than the charismatic, patriarchal model of the American Civil Rights Movement. She instead developed a mode of organizing based on creating deep connections with communities, forging multiracial, intersectional coalitions, and, most of all, calling in all sorts of people to join the fight for the world we all deserve. This is the story of an activist's education on the streets and in the homes of regular people around the country who found ways to come together to create change. And it's also a guide for anyone who wants to share in that education and help build sustainable movements for the 21st century at any level, whether you're fighting for housing justice in your community or advocating for a political candidate or marching in the streets or just voting. It's a new paradigm for change for a new generation of changemakers, from the mind and heart behind one of the most important movements of our time"-- |
| Assigning source |
Provided by publisher. |
| 588 ## - SOURCE OF DESCRIPTION NOTE |
| Source of description note |
Description based on print version record and CIP data provided by publisher; resource not viewed. |
| 650 #0 - SUBJECT ADDED ENTRY--TOPICAL TERM |
| Topical term or geographic name entry element |
Social movements. |
| 9 (RLIN) |
97262 |
| 650 #0 - SUBJECT ADDED ENTRY--TOPICAL TERM |
| Topical term or geographic name entry element |
Political participation. |
| 9 (RLIN) |
97263 |
| 776 08 - ADDITIONAL PHYSICAL FORM ENTRY |
| Relationship information |
Print version: |
| Main entry heading |
Garza, Alicia, 1981- |
| Title |
The purpose of power |
| Place, publisher, and date of publication |
New York : One World, 2020. |
| International Standard Book Number |
9780525509684 |
| Record control number |
(DLC) 2020023583 |
| 906 ## - LOCAL DATA ELEMENT F, LDF (RLIN) |
| a |
7 |
| b |
cbc |
| c |
orignew |
| d |
1 |
| e |
ecip |
| f |
20 |
| g |
y-gencatlg |
| 942 ## - ADDED ENTRY ELEMENTS (KOHA) |
| Source of classification or shelving scheme |
|
| Koha item type |
Lincoln Corner |